000 00630cam a2200229 a 4500
001 4259393
005 20180123034241.0
008 840605s1985 njua b 001 0 eng
010 _a 84011773
020 _a0139520864 :
_c$21.00
020 _a0139520783 (pbk.)
040 _aDLC
_cDLC
_dDLC
041 _aeng
080 _a658.403
082 0 0 _a658.403 MCC
_219
100 1 _a54
101 _aLID
245 1 0 _aWhatever it takes :
_cMorgan W. McCall, Jr., Robert E. Kaplan.
504 _aBibliography: p. 119-123.
906 _a7
_bcbc
_corignew
_d1
_eocip
_f19
_gy-gencatlg
942 _2ddc
_cBK
999 _c40711
_d40711